| 000 | 00000cas 2200000za 4500 |
| 001 | 9.504251 |
| 003 | CaOODSP |
| 005 | 20260121134940 |
| 007 | cr ||||||||||| |
| 008 | 150406c19829999onctr p o f0 b0fre|d |
| 040 | |aCaOODSP|bfre |
| 043 | |an-cn--- |
| 086 | 1 |aD12-21F-PDF |
| 245 | 00|aRevue du génie maritime |h[ressource électronique] : |bla tribune du génie maritime au Canada. |
| 246 | 33|aJournal du génie maritime |fsept. 1985-janv. 1988 |
| 260 | |aOttawa : |bDéfense nationale, |c1982?- |
| 310 | |aTrois fois par année, |b2014- |
| 321 | |aBiennal (irrégulier), |b2000-2013 |
| 321 | |aTrois fois par année (irrégulier), |b1988-1999 |
| 362 | 1 |aParaît depuis : avril 1988. |
| 500 | |aTitre de la couv. |
| 500 | |aPubl. aussi en anglais sous le titre : Maritime engineering journal. |
| 520 | |a« La Revue du Génie maritime est une publication officieuse des Forces canadiennes, publiée par le Directeur général – Gestion du programme d’équipement maritime » --p. [1], Automne 2015. |
| 550 | |aPubl. 1985-2006 par Directeur général du génie maritime et de la maintenance; printemps 2007- par Directeur général gestion du programme d'équipement maritime. |
| 692 | 07|2gccst|aForces armées |
| 692 | 07|2gccst|aGénie militaire |
| 710 | 1 |aCanada. |bMinistère de la défense nationale. |
| 775 | 08|tMaritime engineering journal |w(CaOODSP)9.507873 |